[Event "St Petersburg"]
[Site "St Petersburg"]
[Date "1992.??.??"]
[Round "?"]
[White "Butnorius, Algimantas"]
[Black "Kuzmin, Gennadi P"]
[Result "1/2-1/2"]
[WhiteElo "2425"]
[BlackElo "2535"]
[Annotator "Ribli,Z"]
[PlyCount "81"]
[EventDate "1992.??.??"]
[EventType "tourn"]
[EventRounds "11"]
[EventCountry "RUS"]
[EventCategory "10"]
[SourceTitle "CBM 030"]
[Source "ChessBase"]
[SourceDate "1992.10.01"]
[SourceVersion "1"]
[SourceVersionDate "1992.10.01"]
[SourceQuality "1"]

1. d4 Nf6 2. c4 g6 3. Nf3 Bg7 4. g3 O-O 5. Bg2 c5 6. O-O cxd4 7. Nxd4 Nc6 8.
Nc3 Ng4 9. e3 (9. Nc2 $5) 9... d6 10. h3 (10. b3 Bd7 11. Bb2 Nxd4 12. exd4 Rb8
13. Qe2 Nh6 14. Rad1 Nf5 15. Nd5 Re8 16. Rfe1 Bc6 $13 {Lechtinsky,J-Arkhipov,S
Nettetal 1992 CBM/28}) 10... Nge5 11. b3 a6 (11... Qa5 12. Bd2 Nxd4 13. exd4
Nc6 14. Nb5 $1 Qd8 15. d5 Nb8 16. Bc3 $14 {Dzindzichasvili,R-Fedorowicz,J
USA-ch 1989 CBM/19 48/(59)}) 12. Bb2 Bd7 13. Nc2 Qa5 14. Qe2 b5 $5 15. cxb5
axb5 16. Nd1 $1 (16. Qxb5 Qxb5 17. Nxb5 Nf3+ 18. Bxf3 Bxb2 19. Rab1 Rxa2 20.
Bxc6 Bxc6 21. Nb4 Bxb5 22. Nxa2 Bxf1 23. Kxf1 $10) 16... f5 17. f4 Nf7 18. Bxg7
Kxg7 19. Nd4 Nxd4 20. exd4 Rae8 21. Nf2 (21. Ne3 $1 $14) 21... Qa7 22. d5 Nh6
$1 23. Qb2+ Kf7 24. Kh2 Ng8 25. Nd3 Nf6 26. Rfe1 (26. Rae1 Rc8 27. Ne5+ $5)
26... Rc8 27. Re2 Rfe8 28. Rae1 Qc7 29. Re3 Qc2 30. R1e2 Qxb2 31. Rxb2 Kf8 32.
Nb4 Rc1 33. Bf3 Rec8 34. Kg2 R8c7 35. Kf2 h5 36. h4 Be8 37. Re1 R1c3 38. Re3
Bf7 39. Rbe2 Rxe3 40. Kxe3 Rc1 41. Rd2 1/2-1/2

[Event "Porz Citroen-Cup"]
[Site "Cologne"]
[Date "1992.??.??"]
[Round "5"]
[White "Smejkal, Jan"]
[Black "Holzke, Frank"]
[Result "1/2-1/2"]
[WhiteElo "2525"]
[BlackElo "2400"]
[Annotator "Ribli,Z"]
[PlyCount "52"]
[EventDate "1992.08.??"]
[EventType "tourn"]
[EventRounds "9"]
[EventCountry "GER"]
[EventCategory "9"]
[SourceTitle "CBM 031"]
[Source "ChessBase"]
[SourceDate "1992.12.01"]
[SourceVersion "1"]
[SourceVersionDate "1992.12.01"]
[SourceQuality "1"]

1. Nf3 c5 2. c4 Nf6 3. Nc3 Nc6 4. g3 g6 5. Bg2 Bg7 6. d4 cxd4 7. Nxd4 O-O 8.
O-O Ng4 9. e3 Nxd4 10. exd4 Nh6 11. b3 (11. Bd2 $5) 11... Nf5 12. Ne2 d6 (12...
Rb8 13. a4 $5 b6 14. Ra2 $1 Bb7 15. d5 $14 {Mikhalcishin-Madl Magyarorszag
1990 51/53}) 13. Bb2 (13. a4 $5 Rb8 14. Ra2 $14) 13... Rb8 14. Qc2 Bd7 (14...
b6 15. Rac1 e6 16. Rfd1 $13 {Dahl,I-Murugan,K Gausdal International 1991 CBM/25
}) 15. Rfe1 Qc7 16. a4 Rfe8 17. d5 (17. Rac1 $5) 17... Bxb2 18. Qxb2 a6 19. Nd4
(19. a5 $5) 19... Qc5 20. Nxf5 Bxf5 21. h4 Qb4 22. Re2 Rbc8 23. Rae1 Rc7 24.
Bf1 b5 25. axb5 axb5 26. Rd2 bxc4 1/2-1/2

[Event "Lost Boys"]
[Site "Amsterdam"]
[Date "1999.08.20"]
[Round "7"]
[White "Nikolic, Predrag"]
[Black "Reinderman, Dimitri"]
[Result "1-0"]
[WhiteElo "2641"]
[BlackElo "2525"]
[Annotator "Ribli,Z"]
[PlyCount "71"]
[EventDate "1999.08.13"]
[EventType "tourn"]
[EventRounds "7"]
[EventCountry "NED"]
[EventCategory "14"]
[SourceTitle "CBM 073"]
[Source "ChessBase"]
[SourceDate "1999.12.01"]
[SourceVersion "1"]
[SourceVersionDate "1999.12.01"]
[SourceQuality "1"]

{[%mdl 36]} 1. Nf3 c5 2. c4 Nf6 3. g3 g6 4. Bg2 Bg7 5. O-O O-O 6. d4 {Weiss
öffnet die symmetrische Stellung. Ribli.} cxd4 7. Nxd4 Nc6 (7... d5 8. cxd5
Nxd5 9. Nc3 Nxc3 10. bxc3 {Weiss hat scheinbar eine Schwäche auf c3, aber in
Wirklichkeit steht sein Springer stark auf d4 und er hat ausserdem gute
Möglichkeiten in der b-Linie.}) 8. Nc3 Nxd4 {Die Alternativen sind: 8...Ng4, 8.
..d6 (ein Bauernopfer für positionellen Druck am Damenflügel), 8...Qb6 und 8...
Qa5.} 9. Qxd4 {Weiss kontrolliert mehr Raum. Meines Erachtens bietet diese
theoretische Hauptvariante dem Schwarzen keinen vollen Ausgleich.} d6 10. Qd3 {
Die Dame kann wegen des Läufers g7 nicht auf d4 bleiben.} a6 11. Bf4 $5 {
Eine relativ selten gespielte Fortsetzung, aber praktisch alle normale
Lauferzuegen sind möglich: 11.Bd2, 11.Be3 und 11.Bg5.} Nd7 {Ein bekanntes
Springermanöver. Schwarz bereitet ...Nc5 oder eventuelles ...Ne5 vor und
öffnet gleichzeitig die Diagonale des g7-Läufers.} (11... Qa5 12. Rac1 Bf5 13.
Qd2 Qb4 14. b3 Rfd8 15. Rfd1 Rac8 16. Na4 Qxd2 17. Bxd2 b5 18. Nb6 Rb8 19. Ba5
e6 20. cxb5 axb5 21. Bc6 {1-0 Nikolic,P-Asanov,B/Manila 1992/TD (33)}) (11...
Bf5 12. Qd2 (12. e4 Be6 13. Rac1 Nd7 (13... Rc8 $132) 14. b3 Ne5 15. Qd2 b5 16.
cxb5 axb5 17. Nxb5 Qa5 18. Nc3 Rfc8 19. Na4 Qxd2 20. Bxd2 Nd3 $44 {Spassky,
B-Kasparov,G/Belfort 1989/Inf 48 (20)}) 12... Qd7 (12... Rb8 13. e4 Be6 14. Nd5
Nd7 15. Rac1 b5 16. b3 bxc4 $6 (16... Bxd5 17. cxd5 b4 $8 {+/=}) 17. Rxc4 Nb6
18. Rc2 Nxd5 19. exd5 Bd7 20. Rfc1 {1-0 Aseev,K-Neverov,V/Sankt_Peterburg 
(open) 1995/Inf 64/[Aseev,K] (44)}) 13. c5 e5 14. Be3 dxc5 15. Qxd7 Nxd7 16.
Bxb7 Rab8 17. Bxa6 Rxb2 18. a4 e4 19. Rac1 Ra8 20. Bb5 Nb6 21. Rfd1 Nxa4 22.
Bxa4 Bxc3 23. Bc6 Rc8 24. Rxc3 Rxc6 25. Rd8+ Kg7 26. Bxc5 Rxc5 27. Rxc5 Rxe2
28. Rd1 e3 29. Rxf5 {1/2-1/2 Eljanov,V-Fish,G/Yalta 1996/EXT 98 (29)}) 12. Qd2
(12. Qe3 Re8 13. Rac1 Rb8 14. Rfd1 b6 15. b4 Bb7 16. Nd5 Bxd5 17. Bxd5 Qc7 18.
Qb3 Rf8 19. Qa4 a5 20. a3 axb4 21. axb4 Ne5 22. Rc2 Rfc8 23. Rdc1 Qd7 {1/2-1/2
Huebner,R-Ftacnik,L/BL9596 1996/GER-chT (40)}) 12... Rb8 (12... Ne5 13. b3 Re8
14. Rfd1 Qa5 15. Rac1 Rb8 16. Nd5 Qxd2 17. Rxd2 b6 18. Be3 Nd7 19. Bh3 e6 20.
Nb4 Bf8 21. Bf4 e5 22. Be3 {1/2-1/2 Hakulinen,E-Mantysalo,J/Kuopio 1992/EXT 97
(55)}) 13. Rac1 (13. Be3 Ne5 14. b3 Bd7 15. Nd5 b5 16. cxb5 axb5 17. Ba7 Rb7
18. Bd4 Rb8 19. Ba7 Rb7 20. Bd4 Rb8 {1/2-1/2 Ibrahimov,R-Gershon,A/Oropesa del
Mar 1998/CBM 67 ext (20)}) 13... b5 {Das ist das schwarze Gegenspiel. Er
möchte den c4-Bauern tauschen und dann ein massives Zentrum errichten.} 14.
cxb5 (14. Nd5 Bb7 15. b3 Nb6 16. c5 Nxd5 17. Bxd5 Bxd5 18. Qxd5 dxc5 19. Qxc5
Rc8 20. Qa3 e5 21. Be3 Qf6 22. Rfd1 Rxc1 23. Qxc1 h5 24. Qc7 h4 25. Qd7 {
1/2-1/2 Aseev,K-Pigusov,E/Elista 1997/CBM 59 (67)}) 14... axb5 15. Nd5 $14 {
[%csl Gd5] In dieser Variante ist das Feld d5 immer unter weisser Kontrolle.}
Bb7 16. b3 (16. Nb4) 16... Nf6 17. Nb4 $1 {[%csl Gb4] Der Springer steht ideal
auf b4. Er kontrolliert den ganzen Damenflügel, das Feld c6 und blockiert den
schwarzen b-Bauern.} (17. Nxf6+ Bxf6 18. Bxb7 Rxb7 $11) 17... Bxg2 18. Kxg2 {
[%csl Yc6][%cal Rb4c6,Rc6b8,Rc6d8]} Qd7 {[%cal Gd7b7,Gb7g2] Schwarz vermeidet
die taktischen Motive auf c6, verbindet die Türme und bereitet ...Qb7+ vor.}
19. f3 Rfc8 (19... Ra8 20. Rc2 $14 {[%cal Gf1c1,Gc1c7]}) (19... e5 $2 20. Bg5
$16 {[%csl Yd5][%cal Gb4d5]}) 20. Rxc8+ Rxc8 21. Rc1 Rxc1 22. Qxc1 {Nach
Vereinfachungen hat Weiss Positionsvorteil. Die schwarze Bauern im Zentrum
sind weniger wirksam, während Weiss stets einen gefährlichen entfernten
Freibauern mit a2-a4 bilden kann.} Kf8 {Schwarz bringt den König ins Spiel,
aber ich glaube, es war besser, den Springer zu aktivieren und die Diagonale
des g7-Läufers zu öffnen.} (22... d5 23. Qc5 $14 (23. Qc6 $14)) (22... e5 23.
Bg5 d5 24. Bxf6 Bxf6 25. Qc5 d4 26. Nd5 $16 {[%csl Gc5,Gd5]}) (22... Ne8 $5 $14
) 23. Qc2 {[%cal Ga2a4] Die weisse Drohung ist einfach 24.a4.} Qb7 {[%cal
Gb7b4]} 24. Bd2 {Der b4-Springer ist schon gedeckt. Schwarz kann nichts gegen
25.a4 machen.} Ke8 (24... d5 25. a4 $36) 25. a4 $36 Kd7 (25... bxa4 26. bxa4
$36) 26. a5 $16 {[%csl Ga5][%cal Ga5a6,Ga6a7,Ga7a8] Der weisse a-Bauer ist
sehr gefährlich, denn Schwarz hat Probleme, seine leichtfiguren zu
mobilisieren.} Qa8 27. Be3 $1 {Weiss bereitet Bb6 vor.} (27. a6 Ne8 $14) 27...
Qxa5 {Die Annahme des Bauern führt zu weissem Mattangriff.} (27... Ne8 28. Bb6
$16 {[%csl Gb6]}) (27... Nd5 28. Nxd5 Qxd5 29. a6 $16 {[%csl Ga6]}) 28. Qc6+
Ke6 (28... Kd8 29. Bb6+ {[%cal Rb6a5,Rb6d8]}) 29. Nd3 {[%csl Gd3,Re6][%cal
Rd3f4,Rd3c5]} g5 {Der schwarze König befindet sich in grosser Not. Mit diesem
Bauernopfer bekommt Schwarz ein wenig Luft für den König, kann aber letztlich
nicht die Partie retten.} (29... h5 30. Nc5+ Kf5 (30... Ke5 31. Bf4+ Kd4 32.
e3+ Kc3 33. Nb7+ $18 {[%cal Rb7a5,Rc6c3]}) 31. g4+ hxg4 32. fxg4+ Ke5 33. Nd3+
Ke6 34. Bd4 {[%csl Re6][%cal Rd3f4,Rf4e6]} Nxg4 35. Nc5+ Kf5 36. Qf3+ Kg5 37.
Ne4+ Kh4 (37... Kh6 38. Qh3#) 38. Qh3#) 30. Bxg5 Kf5 31. Bc1 {[%csl Rf5]} h5 (
31... Qa2 32. g4+ Kg6 33. Nf4+ Kg5 34. Qc3 $1 {[%csl Rg5] Es droht 35.Ne6+ Kh4
36.Qe1 oder 35...Kg6 36.Qd3+. Der schwarze König befindet sich im Mattnetz.} e5
35. Nd5+ Kg6 36. Ne7#) 32. Qc2 $18 {[%cal Gc2f5]} Ke6 (32... Qa8 33. Nc5+ $18)
(32... Kg6 33. Ne5#) 33. Qc8+ Kd5 (33... Nd7 34. Nf4+ $18 {[%csl Rd7,Re6]}) 34.
Nf4+ Kd4 (34... Ke5 35. Bb2+ $18) 35. e3+ Ke5 36. Bb2+ {Schwarz gab auf.} 1-0

[Event "RUS-ch"]
[Site "Elista"]
[Date "1996.??.??"]
[Round "2"]
[White "Pigusov, Evgeny"]
[Black "Vasiukov, Evgeni"]
[Result "1-0"]
[WhiteElo "2570"]
[BlackElo "2505"]
[Annotator "Ribli,Z"]
[PlyCount "115"]
[EventDate "1996.10.15"]
[EventType "swiss"]
[EventRounds "11"]
[EventCountry "RUS"]
[SourceTitle "CBM 056"]
[Source "ChessBase"]
[SourceDate "1997.02.01"]
[SourceVersion "1"]
[SourceVersionDate "1997.02.01"]
[SourceQuality "1"]

1. Nf3 {Hecht} Nf6 2. c4 c5 3. Nc3 Nc6 4. g3 g6 5. Bg2 Bg7 6. d4 cxd4 (6... O-O
7. d5 (7. O-O cxd4 8. Nxd4 {Ist unsere Partie.Ribli.}) (7. dxc5 $5 Qa5 8. O-O
Qxc5 9. b3 d6 10. e3 $6 (10. h3 $5 Qh5 $6 11. g4 Bxg4 12. hxg4 Nxg4 13. Bd2 Nd4
14. Re1 $16) 10... d5 $1 $10 11. Na4 Qa5 12. Bd2 Qa6 13. cxd5 Nxd5 14. Rc1 Rd8
15. Re1 $6 b5 16. Bf1 Bg4 17. h3 Bxf3 18. Qxf3 Ne5 19. Qg2 Qf6 $40 {
Uhlmann-Horvath,Jo.Oesterreichische Mannschaftmeisterschaft 1995/96.})) 7. Nxd4
O-O 8. O-O Nxd4 {Ich glaube, daß die relativ neue Variante mit 8...Ng4 auch in
Frage kommt.Ribli.} 9. Qxd4 d6 10. Qd3 a6 11. Be3 (11. Bd2 $5 Rb8 12. Rac1 b5
$5 {Siehe Survey CBM50}) 11... Bf5 (11... Ng4 $5 12. Bd4 Ne5 13. Qd1 Rb8 14.
Rc1 Be6 15. Nd5 Bxd5 $5 16. Bxd5 Qd7 17. Qd2 Rfc8 18. b3 b5 $10 {Greenfeld,
A-Ftacnik,L/Pardubice/1994/}) 12. Qd2 Rb8 (12... Qd7 13. Rfd1 $5 {/\ c5}) 13.
a4 $5 $146 (13. Ba7 Rc8 14. Bxb7 Rxc4 15. Bxa6 $13 {Dizdarevic,E-Milosevic,G/
Mendrisio op/1989/}) (13. Rac1 b5 14. cxb5 axb5 15. Nd5 Nxd5 16. Bxd5 Be6 17.
Bxe6 fxe6 18. Qb4 Qd7 19. Rc2 Rfc8 20. Rfc1 Rxc2 21. Rxc2 Qb7 22. b3 Bf6 23. a4
bxa4 24. Qxb7 Rxb7 25. bxa4 Rb1+ $1 26. Kg2 Ra1 $10 {Kharitonov,A-Vasiukov,E/
Moscow4/1991/}) 13... Be6 $6 (13... Qd7) (13... Nd7) 14. b3 Qa5 15. Rac1 (15.
Nd5 Qd8 (15... Qxd2 16. Nxe7+ Kh8 17. Bxd2 Rfe8 18. Nd5 Nxd5 (18... Bxd5 19.
cxd5 Rxe2) 19. cxd5 Bxa1 20. dxe6 $44)) 15... Rfc8 16. Rfd1 (16. Ba7 Ra8 17.
Bd4 (17. Bxb7 $2 Rxa7 18. Bxc8 Bxc8 $19)) 16... Nd7 $2 (16... h5) (16... Kf8)
17. Ba7 $1 $16 Nc5 (17... Ra8 18. Bxb7 Rxa7 19. Bxc8 Nc5 20. Bxe6 Nxb3 21. Qb2
Nxc1 22. Qb8+ Bf8 23. Rxc1 $18 {Ribli.}) 18. Qc2 Ra8 19. Bxc5 Rxc5 20. Bxb7 Rb8
21. Bd5 Bf5 22. Be4 Bxc3 $6 (22... Be6 {Ich glaube, es ist besser mit dem
Läuferpaar zu spielen.Ribli.}) 23. Bxf5 Rxf5 (23... Bg7 24. Be4 {Weiß hat
einen soliden Mehrbauern, aber wegen der ungleichfarbigen Läufer hat Schwarz
bessere Remischancen als in der Partie.Ribli.}) 24. Qxc3 Qb6 25. Qe1 $1 {
Auf den Doppelangriff -gegen f2 und b3 - folgt die Doppelverteidigung! Ribli.}
h5 (25... Qxb3 $4 26. Rb1) 26. Rc3 {Mit guter Technik ist diese Stellung für
Weiß gewonnen.Ribli.} Rc5 27. e4 a5 28. h4 $1 {Weiß hat viel Zeit, er
verbessert seine Stellung langsam und erlaubt kein Gegenspiel.Ribli.} Qc7 29.
Rd5 {Normaleweise reicht ein Bauer zum Gewinn. Aber in dieser Stellung ist der
Anziehende wegen des schwachen b-Bauern vor einige technische Schwierigkeiten
gestellt. Weiß hat jedoch auch Spiel im Zentrum sowie am Königsflügel.Ribli.}
e6 30. Rd4 Rb6 31. Qe3 Kg7 32. Rdd3 Qb8 33. Qd4+ f6 (33... Kg8 34. Qf6) 34. Rf3
Qd8 35. Rcd3 Qe7 36. Rd2 {Das ist eine gute Taktik. Wenn man eine vorteilhafte
Stellung hat, aber keinen forcierten Gewinnweg findet, besteht die beste
Möglichkeit darin, zunächst einmal zu manövieren, und erst im rechten Moment
einen klaren Plan durchzuführen.Ribli.} Rcc6 37. Rfd3 Qc7 38. Rd1 Rb4 39. Qe3
Qb6 40. Qf4 (40. Qxb6 $2 Rbxb6 $14 {Weiß muß die Damen behalten, in solchen
Stellungen ist die Dame die Schlüsselfigur für Weiß. Ribli.}) 40... e5 41. Qf3
Kf7 {ATTACK} 42. g4 $1 {Weiß öffnet eine neue Frontlinie. Schwarz hat keine
Verteidigungsmöglichkeit.Ribli.} hxg4 43. Qxg4 $18 Ke7 44. Qxg6 Rxb3 45. Qg7+
Ke8 46. Qg6+ Ke7 47. Kg2 Rxd3 48. Rxd3 {[#]_|_ Hecht Mattangriff i.V. mit h-o^}
Qd8 (48... Rxc4 49. Qg7+ Ke6 (49... Ke8 50. Qg8+ $18) 50. Qg8+ $18) 49. Qh7+
Ke6 50. Rg3 Rc7 (50... Rxc4 51. Rg8 $18) 51. Qf5+ Kf7 52. Qh7+ Ke6 53. Qf5+ Kf7
54. Rg6 Rxc4 55. h5 d5 56. h6 Qh8 57. Rg7+ Qxg7+ 58. hxg7 1-0

[Event "RUS-chT 07th"]
[Site "Smolensk"]
[Date "2000.04.25"]
[Round "11"]
[White "Filippov, Valerij"]
[Black "Ulko, Jaroslav"]
[Result "1-0"]
[WhiteElo "2584"]
[BlackElo "2459"]
[Annotator "Ribli,Z"]
[PlyCount "63"]
[EventDate "2000.04.15"]
[EventType "team-tourn"]
[EventRounds "11"]
[EventCountry "RUS"]
[SourceTitle "CBM 077"]
[Source "ChessBase"]
[SourceDate "2000.07.27"]
[SourceVersion "1"]
[SourceVersionDate "2000.07.27"]
[SourceQuality "1"]
[WhiteTeam "Tomsk 400"]
[BlackTeam "Moscow Phoenix"]
[WhiteTeamCountry "RUS"]
[BlackTeamCountry "RUS"]

1. Nf3 c5 2. c4 Nc6 3. d4 cxd4 4. Nxd4 Nf6 5. g3 g6 (5... Qb6 6. Nc2 $14) 6.
Bg2 Bg7 7. Nc3 O-O 8. O-O Ng4 {Diese - auf den ersten Blick sonderbare -
Fortsetzung öffnet die Diagonale des Bg7 und bringt den Springer mit Nge5 oder
wie in einigen Varianten mit Nh6-Nf5 ins Spiel.} (8... Nxd4 9. Qxd4 d6) (8...
d6 $5 {Mit diesem Zug bietet Schwarz ein Bauernopfer an, aber im Falle der
Annahme bekommt er Gegenspiel am Damenflügel.}) 9. e3 d6 {Mit dem Textzug
opfert Schwarz einen Bauern, aber nach 10.Nxc6 bxc6 11.Bxc6 Rb8 erhält Schwarz
ausreichende Kompensation. Die Annahme mit dem Läufer ist noch weniger ratsam
- 10.Bxc6 bxc6 11.Nxc6 Qd7 schwächt zusätzlich die weißen Felder in der weißen
Stellung.} (9... Nxd4 10. exd4 Nh6 {[%cal Gh6f5,Gf5d4]}) 10. Nde2 {Diese
Fortsetzung scheint mir logisch - Weiß vermeidet mögliche Vereinfachungen im
Zentrum mit Nxd4, nun steht der Ng4 ein wenig ungluücklich.} (10. Nce2 Bd7 (
10... Nge5 11. b3 Bg4 12. f3 Bd7 13. Bb2 a6 14. Qd2 $14) 11. b3 Nxd4 12. Nxd4
Rb8 13. Bb2 Qa5 $10 {Topalov,V-Leko,P/Leon/1993/CBM36/}) (10. b3) 10... Bd7 (
10... Qa5 {Dieser Zug macht auf mich einen etwas märchenhaften Eindruck.} 11.
Nd5 (11. Qd5 Qb4 12. Qb5 Nge5 13. b3 Bg4 14. f3 Bf5 15. f4 Nd3 16. Bd2 Rfc8 17.
Rfd1 Qa3 18. Rab1 a6 19. Qb6 Bg4 20. h3 Bxe2 21. Nxe2 Qxa2 $13 {0-1 Cifuentes
Parada,R-Delchev,A/Benasque 1997/EXT 98 (34)}) 11... Nge5 (11... Qc5 12. Bd2 (
12. Nd4 $5 Bxd4 13. exd4 Qxc4 14. b3 Qxd4 15. Nxe7+ Kg7 16. Qxd4+ Nxd4 17. Bb2
$18) 12... e6 13. b4 Qxc4 14. Rc1 Qxa2 15. Nec3 Qc4 16. Nc7 Rb8 17. N3d5 Qa2
18. Nc3 Qc4 19. N3d5 Qa2 20. Nc3 Qc4 21. Nb1 {1-0 Kasparov,G-Kramnik,V/Moscow
1998/CBM 67 ext (27)}) (11... Rb8 12. Bd2 Qd8 13. h3 Nge5 14. b3 e6 15. Ndc3 d5
16. cxd5 {1/2-1/2 Stohl,I-Delchev,A/Medulin 1997/EXT 99 (16)}) (11... e6 12.
Bd2 Qd8 13. Ndc3 Rb8 14. Rc1 a6 15. b3 {1-0 Skembris,S-Mastrokoukos,G/Karditsa
1994/CBM 43/[Ribli] (49)}) 12. Bd2 Qd8 13. b3 e6 14. Ndc3 g5 15. h3 f5 16. f4
Nf7 17. Rc1 h6 18. Kh2 e5 19. Nd5 Be6 20. Bc3 {1-0 Kharitonov,A-Ulko,J/St.
Petersburg 1998/CBM 67 ext (33)}) (10... a6 11. h3 Nf6 12. b3 Bf5 13. g4 Bd7
14. Bb2 h5 15. g5 Ne8 16. Qd2 Qa5 17. f4 b5 18. c5 {1-0 Gulko-Borgo/Genf op,
SW 1998 (40)}) 11. b3 a6 12. h3 (12. Bb2 $5) 12... Nf6 (12... Nh6 13. Bb2 Rb8
14. Qd2 Nf5 15. Rfd1 b6 16. Rac1 Rc8 17. Kh2 Bh6 18. f4 Bg7 19. e4 Nfd4 20.
Nxd4 Nxd4 21. Nd5 {1/2-1/2 Fridman,D-D'Israel,D/Maccabiah 1993/EXT 97 (53)})
13. Bb2 Rb8 {Das schwarze Gegenspiel bestünde in der Durchführung des Zuges
b7-b5, mit Chancen am Damenfluegel.} 14. a4 {Die scheinbare Schwächung des
Damenflügels ist nicht wichtig. Wichtig ist, dass Schwarz nicht b7-b5 ziehen
kann.} Na5 (14... Qb6 15. Rb1 Rfc8 16. Nf4 $14 {1-0 Izeta Txabarri,F-Sion
Castro,M/Ampuriabrava 1997/CBM 62/[Ribli] (51)}) 15. Rb1 $5 {Weiß verteidigt
für alle Fälle den Bb2.} Ne8 $5 {[%cal Ge8c7] Schwarz öffnet die Diagonale des
Bg7 und möchte den Vorstoß b7-b5 durch Nc7 unterstützen.} (15... b5 16. axb5 (
16. cxb5 axb5 17. b4 $6 (17. axb5) 17... Nc4 18. a5 $2 Bf5 19. e4 (19. Nd4 Bxb1
20. Qxb1 Qd7 $17) 19... Nxb2 20. Rxb2 Nxe4 $17) 16... axb5 17. cxb5 Bxb5 18.
Nxb5 Rxb5 19. Nd4 Rb6 20. Bc3 $14 (20. Ra1 $14)) 16. Ba3 b6 $6 {Dieser
Wartezug ist passiv und gefällt mir nicht - meiner Meinung nach war es höchste
Zeit für eine Aktion am Damenflügel.} (16... b5 17. axb5 axb5 18. cxb5 Nc7 (
18... Bxb5 19. Nxb5 Rxb5 20. Qd3 $14) 19. Nd4 Nxb5 20. Ncxb5 Bxb5 21. Nxb5 Rxb5
$11 {Weiß hat das Läuferpaar und einen Freibauern auf b3, aber der Bg7 ist
stark und die schwarze Stellung scheint haltbar.}) 17. Qd3 $14 {Jetzt hat Weiß
großen Raumvorteil. Da der Zug b6-b5 nicht mehr geht, findet Schwarz zu keinem
Gegenspiel.} Nc6 {[%cal Gc6e5,Ge5d3]} 18. f4 Nc7 19. Rfd1 Na7 {[%cal Gb6b5]
Schwarz möchte 20...b5 ziehen, aber seine Springer stehen unglücklich.} 20. b4
{Weiß hat freie Hand am Damenflügel. In solchen Stellungen muss Schwarz
theoretisch a5 spielen und im Falle von b4-b5 das Feld c5 besetzten. In
unserer konkreten Stellung jedoch sind die Springer nicht zur Besetzung dieses
Feldes in der Lage.} Qc8 {[%cal Rc8h3]} (20... b5 21. axb5 (21. cxb5 axb5 22.
a5 Be6 $132 {[%cal Ge6c4]}) 21... axb5 22. c5 $16) 21. Kh2 Bc6 22. e4 {
Natürlich tauscht Weiß nicht ab, sondern vergrößert seinen Raumvorteil.} Rd8
23. Nd4 Ne6 24. Nxc6 (24. Nxe6 Qxe6 (24... fxe6 $6 25. b5 $16) 25. b5 $14)
24... Nxc6 25. Nd5 {[%csl Gd5] Es droht 26.b5 und 27.Nxe7+ mit Gewinn.} Re8 26.
Qe3 {[%csl Rb6]} Ned4 (26... Bd4 27. Qd2 Bg7 28. b5 Ncd4 29. e5 $36) 27. Rbc1 {
[%cal Gc1c8]} {[#]} e6 28. b5 $1 {[%mdl 64] Mit diesem schönen Opfer leitet
Weiß die taktische Entscheidung der Partie ein.} Na5 (28... exd5 29. cxd5 $16)
(28... axb5 29. cxb5 exd5 30. bxc6 Nxc6 31. Rxd5 $16 {[%csl Rd6]}) 29. Rxd4 $1
{[%mdl 2048]} Bxd4 (29... exd5 30. Rxd5 {[%csl Rd6]} Nxc4 31. Qd3 $18) 30. Qxd4
exd5 31. Bb2 $18 {[%csl Rg8][%cal Rb2h8] Schwarz kann nichts machen - sein
König befindet sich im Mattnetz.} Re5 32. cxd5 $1 (32. cxd5 $1 $18 {[%csl Rc8,
Re5][%cal Rc1c8,Rb2h8]}) (32. fxe5 Nb3 33. Qc3 Nxc1 34. e6 $18) 1-0